Management and policy science in American government : (Record no. 3801)

MARC details
000 -LEADER
fixed length control field 00958cam a2200289 i 4500
001 - CONTROL NUMBER
control field 789661
003 - CONTROL NUMBER IDENTIFIER
control field OSt
005 - DATE AND TIME OF LATEST TRANSACTION
control field 20230704122517.0
008 - FIXED-LENGTH DATA ELEMENTS--GENERAL INFORMATION
fixed length control field 750220s1975 maua b 001 0 eng
010 ## - LIBRARY OF CONGRESS CONTROL NUMBER
LC control number 74025065
020 ## - INTERNATIONAL STANDARD BOOK NUMBER
International Standard Book Number 066997238X
040 ## - CATALOGING SOURCE
Original cataloging agency DLC
Transcribing agency DLC
Modifying agency DLC
050 00 - LIBRARY OF CONGRESS CALL NUMBER
Classification number JF1525.D4
Item number M35
082 00 - DEWEY DECIMAL CLASSIFICATION NUMBER
Classification number 353
Item number WHI
245 00 - TITLE STATEMENT
Title Management and policy science in American government :
Remainder of title problems and prospects /
Statement of responsibility, etc. edited by Michael J. White, Michael Radnor, David A. Tansik.
260 ## - PUBLICATION, DISTRIBUTION, ETC. (IMPRINT)
Place of publication, distribution, etc. Lexington, Mass. :
Name of publisher, distributor, etc. Lexington Books,
Date of publication, distribution, etc. [1975]
300 ## - PHYSICAL DESCRIPTION
Extent xiv, 319 p. :
Other physical details ill. ;
Dimensions 24 cm.
504 ## - BIBLIOGRAPHY, ETC. NOTE
Bibliography, etc Includes bibliographical references and index.
650 #0 - SUBJECT ADDED ENTRY--TOPICAL TERM
Topical term or geographic name as entry element Public administration
General subdivision Decision making.
650 #0 - SUBJECT ADDED ENTRY--TOPICAL TERM
Topical term or geographic name as entry element Public administration.
650 #0 - SUBJECT ADDED ENTRY--TOPICAL TERM
Topical term or geographic name as entry element Policy sciences.
700 1# - ADDED ENTRY--PERSONAL NAME
Personal name White, Michael J.,
Dates associated with a name 1942-
700 1# - ADDED ENTRY--PERSONAL NAME
Personal name Radnor, Michael.
700 1# - ADDED ENTRY--PERSONAL NAME
Personal name Tansik, David A.
906 ## - LOCAL DATA ELEMENT F, LDF (RLIN)
a 7
b cbc
c orignew
d 1
e ocip
f 19
g y-gencatlg
942 ## - ADDED ENTRY ELEMENTS (KOHA)
Source of classification or shelving scheme Dewey Decimal Classification
Koha item type Books
Holdings
Withdrawn status Lost status Source of classification or shelving scheme Damaged status Not for loan Home library Current library Date acquired Total Checkouts Full call number Barcode Date last seen Price effective from Koha item type
    Dewey Decimal Classification     County Hall Archives County Hall Archives 07/04/2023   353 WHI 10000256 07/04/2023 07/04/2023 Books
LIBRARY OPENING HOURS

When the Parliament is sitting: 8.00a.m - 7.00p.m or until the house adjourns
Mondays and Fridays and when the House is on Recess:  8.00a.m - 5.00p.m
Closed on Weekends and Public Holidays

Online Public Access Catalog (OPAC)
Website: http://www.parliament.go.ke
Bunge Library: https://libraryir.parliament.go.ke
Contact: library@parliament.go.ke | Tel no: (254-2)2221291 or 2848000 Ext 5043